2015アジアカップ日本代表 - Statistics

General Stats
  • This quiz has been taken 15 times
  • The average score is 17 of 23
Answer Stats
背番号 名前 所属チーム % Correct
4 本田圭佑 ACミラン
100%
5 長友佑都 インテル・ミラノ
100%
9 岡崎慎司 マインツ
100%
10 香川真司 ドルトムント
100%
17 長谷部誠 フランクフルト
100%
20 柴崎岳 鹿島アントラーズ
100%
22 吉田麻也 サウサンプトン
100%
1 川島永嗣 スタンダール・リエージュ
90%
7 遠藤保仁 ガンバ大阪
90%
6 森重真人 FC東京
70%
11 豊田陽平 サガン鳥栖
70%
18 乾貴士 フランクフルト
70%
21 酒井高徳 シュツットガルト
70%
23 東口順昭 ガンバ大阪
70%
2 植田直通 鹿島アントラーズ
60%
13 小林悠 川崎フロンターレ
60%
14 武藤嘉紀 FC東京
60%
12 西川周作 浦和レッズ
50%
15 今野泰幸 ガンバ大阪
50%
16 塩谷司 サンフレッチェ広島
50%
19 昌子源 鹿島アントラーズ
50%
3 太田宏介 FC東京
40%
8 清武弘嗣 ハノーファー96
40%
No matching quizzes found
Score Distribution
Percent of People with Each Score
Percentile by Number Answered
Your Score History
You have not taken this quiz